Tu é que és o pai natal? (Registo nº 4363)
[ vista simples ]
| 000 -Etiqueta do registo | |
|---|---|
| Cabeçalho | 00996nam a2200325 4500 |
| 005 - Identificador da versão | |
| Campo de controlo | 20240813122059.0 |
| 010 ## - Número internacional normalizado dos livros (ISBN) | |
| Número (ISBN) | 9724144526 |
| 021 ## - Número do Depósito Legal | |
| Código do país | PT |
| Número | 231111/05 |
| 100 ## - Dados gerais de processamento | |
| Dados gerais de processamento | 20061220d2005 c y0pory5003 ba |
| 102 ## - Pais de publicação ou produção | |
| País de publicação | Portugal |
| 101 1# - Língua de publicação | |
| Língua do texto, banda sonora, etc. | Português |
| Língua do documento no original | Alemão |
| 106 ## - Campo de dados codificados: material textual | |
| Dados codificados do material textual | r |
| 105 ## - Campo de dados codificados: livros | |
| Dados codificados dos livros | a z 000fy |
| 215 ## - Descrição física | |
| Indicação específica da natureza do documento e extensão da espécie | [30] p. |
| Outras indicações físicas | il. |
| Dimensões | 30 cm |
| 200 1# - Titulo e menção de responsabilidade | |
| Título próprio | Tu é que és o pai natal? |
| Primeira menção de responsabilidade | Norbert Landa |
| Outras menções de responsabilidade | il. Marlis Scharff-Kniemeyer |
| -- | trad. e adapt. Helena Silva , Inês Mendes Moreira |
| 205 ## - Menção da edição | |
| Menção da edição | 1ª ed |
| 210 ## - Publicação, Distribuição, etc. | |
| Lugar da edição, distribuição, etc. | Porto |
| Nome do editor, distribuidor, etc. | Asa |
| Data da publicação, distribuição, etc. | 2005 |
| 304 ## - Notas relativas a título e menção de responsabilidade | |
| Texto da nota | Tít. orig.: Bist du der weihnaccxhtsmann? |
| 675 ## - Classificação Decimal Universal (CDU) | |
| Notação | 087.5 |
| Edição | BN |
| Língua da edição | por |
| Notação | 821.112.2-93"19" |
| Edição | BN |
| Língua da edição | por |
| Notação | 821.112.2-34"19" |
| Edição | BN |
| Língua da edição | por |
| 702 #1 - Nome de autor-pessoa física (responsabilidade secundária) | |
| Número de registo de entrada de autoridade | 0001155 |
| Palavra de ordem | Kniemeyer |
| Outra parte do nome não tomada para palavra de ordem | Marlis Scharff |
| Código de função | Ilustrador / Técnico de desenho computorizado |
| Número de registo de entrada de autoridade | 0001156 |
| ID Autoridade | 2 |
| Palavra de ordem | Silva |
| Outra parte do nome não tomada para palavra de ordem | Helena |
| Código de função | Tradutor |
| Número de registo de entrada de autoridade | 0001157 |
| Palavra de ordem | Moreira |
| Outra parte do nome não tomada para palavra de ordem | Inês Mendes |
| Código de função | Tradutor |
| 700 #1 - Nome de autor-pessoa física (responsabilidade principal) | |
| Número de registo de entrada de autoridade | 0001154 |
| Palavra de ordem | Landa |
| Outra parte do nome não tomada para palavra de ordem | Norbert |
| 942 ## - Elementos de entrada adicionados (Koha) | |
| Tipo de item no Koha | Livro |
| Situação do levantamento | Origin of item (home branch) (coded) | Biblioteca de empréstimo | Código de barras | Cota | Circulation type (not for loan) | Tipo de documento | Nota do exemplar | Damaged status |
|---|---|---|---|---|---|---|---|---|
| Biblioteca Escolar das Vendas | Biblioteca Escolar das Vendas | BEV1575 | 8EST LAN | Livro | Sem mensagem |
